Stranger Things Trivia #O - Statistics

General Stats
  • This quiz has been taken 33 times
  • The average score is 5 of 10
Answer Stats
Hint Answer % Correct
What you say at the end of a radio message Over
100%
Vecna / Henry / __ One
93%
Color of the graduation gowns Orange
89%
Successor to Dr. Brenner at the Hawkins National Laboratory Dr. Sam Owens
82%
What does the note say, that Lucas puts onto the Arcade machine, to lure Max Out of order
50%
Jonathan asks Argyle to pass him the __ __ at dinner. In truth its wine and he is just baked Olive oil
32%
NINA is based on an __ of the same name, about a woman whose lover was killed, so traumatized by the incident that she buried it in her memories Opera
14%
State tropper that found Wills body at the quarry David O'Bannon
11%
He first appears to Eleven as a friendly __ Orderly
11%
One of the Gulag prisoners, befriends Antonov and Hopper Oleg
4%
No matching quizzes found
Score Distribution
Percent of People with Each Score
Percentile by Number Answered
Your Score History
You have not taken this quiz